000 00431nam a2200157Ia 4500
008 210716s2000 xx 000 0 und d
020 _a8176354058
041 _aeng
082 _a005.268 BROT
100 _aBrown, Todd;Miller, Chris;Porter, Bryan;Powell, Keith.
245 _aMicrosoft windows 2000 server.
250 _a1
260 _aNew Delhi
_bTechmedia
_c2000
300 _axv,779
650 _aMicrosoft Windows(005.269)
999 _c187517
_d187517